000 00399pab a2200145 454500
008 180718b2006 xxu||||| |||| 00| 0 eng d
100 _aAmbagudia, Jagannath
245 _aVoice and representation: defending tribal interest in the constituent assembly
260 _c2006
300 _ap.88-112.
650 _aTribes
773 _aResearch Journal Social Sciences
908 _aN
909 _a81016
999 _c81016
_d81016